00901cam a22002651 4500001001300000003000400013005001700017008004100034010001700075035001900092040005000111042001200161050001600173060002700189110003900216245005500255260009500310300002600405490002900431500001700460650003700477740004200514810006200556999001700618hew64000128 DLC20260227111513.0781205s1964 dcua f000 0 eng c ahew64000128  a(OCoLC)4420865 aU.S. Dept. of H.E.W.cArLUAdDNLMdOCoLCdDLC apremarc00aHV854b.A4600aW1bUN6181 no.412 19641 aUnited States.bChildren's Bureau.10aDay care for other people's children in your home. a[Washington,bFor sale by the Superintendent of Documents, U. S. Govt. Print. Off.,c1964] a17 p.billus.c19 cm.1 aIts Publicationvno. 412 aCover title. 0aDay care centerszUnited States.0 aOther people's children in your home.1 aUnited States.bChildren's Bureau.tPublicationvno. 412. c34508d34508